| 000 | 00501nam a2200169Ia 4500 | ||
|---|---|---|---|
| 005 | 20250508154042.0 | ||
| 008 | 008 250505s9999 xx 000 0 eng d | ||
| 037 | _aBooks to be hide in OPAC | ||
| 040 |
_aFEDL _beng _cFEDL |
||
| 041 |
_aeng _2eng |
||
| 084 |
_a370.954 5, PAN/O _qFEDL |
||
| 245 | 0 | _aAnnual report on the progress of education in Punjab for the year 1960-61 | |
| 260 | _c1964 | ||
| 300 | _aix,273p. | ||
| 942 |
_cHB _h370.954 5, PAN/O |
||
| 999 |
_c1347313 _d1347313 |
||